Capitali che iniziano con la M - Statistics

Statistiche generali
  • Questo quiz è stato fatto 142 volte
  • Il punteggio medio è 12 su 18
Statistiche sulle risposte
Popolazione (ab.) Continente Capitale % Corretto
3 223 334 Europa Madrid
96%
12 692 466 Europa Mosca
89%
1 338 408 America del Sud Montevideo
88%
1 766 823 Africa Maputo
80%
38 300 Europa Monaco
78%
1 780 148 Asia Manila
75%
2 020 600 Europa Minsk
71%
1 033 262 America del Nord Managua
69%
239 510 Asia Manama
68%
2 282 000 Africa Mogadiscio
68%
1 310 826 Asia Mascate
67%
1 010 970 Africa Monrovia
61%
94 874 Africa Mbabane
54%
103 693 Asia Malé
52%
330 760 Africa Maseru
52%
27 797 Oceania Majuro
51%
300 000 Africa Malabo
46%
54 000 Africa Moroni
46%
Nessun quiz corrispondente trovato
Distribuzione punteggi
Percentuale di utenti per punteggio
Percentile per numero di risposta
I tuoi punteggi nel tempo
Non hai fatto questo quiz